| 000 | 00505nam a2200205Ia 4500 | ||
|---|---|---|---|
| 003 | OSt | ||
| 005 | 20140311163112.0 | ||
| 008 | 140130s9999 xx 000 0 und d | ||
| 020 | _a0590552376 | ||
| 050 |
_aPZ 7 _b.L6634Ex 1995 |
||
| 100 |
_aLionni, Leo _930911 |
||
| 245 |
_aAn extraordinary egg / _cLeo Lionni. |
||
| 260 |
_bScholastic, _c1995. _aNew York : |
||
| 300 |
_bcol. ill. ; _c32 cm. |
||
| 440 |
_v1 _930912 |
||
| 521 | _aG3 | ||
| 526 | _c520 | ||
| 942 |
_cBK-SCHOLAS _2lcc |
||
| 999 |
_c40577 _d40577 |
||